Seketul hati seorang pemimpin /

Bibliographic Details
Main Author: SHAHNON Ahmad
Format: Book
Published: Kuala Lumpur: Dewan Bahasa dan Pustaka, 1999.
Subjects:
LEADER 00659cam a2200229 7i4500
001 0000057222
005 20151104090000.0
005 ##20151104175300.0
003 ##MY-KlINT
020 # # |a 983620969  
039 # 9 |y 201511041753  |z VLOAD 
090 0 0 |a FM SHA  
100 1 # |a SHAHNON Ahmad 
245 1 0 |a Seketul hati seorang pemimpin /   |c Shahnon Ahmad.. 
260 # # |a Kuala Lumpur:   |b Dewan Bahasa dan Pustaka,   |c 1999. 
300 # # |a 303p; 18cm. 
650 # 0 |a Malay fiction  
996 |a ikwas2000.out 
997 |a 3000061642  |b IKWS  |c MNF  |d BOK 
997 |a 3000122147  |b IKWS  |c MF  |d BOK 
998 |a 0000004157 
999 |a 3000122147  |b BOOK  |c Main Fiction  |e INTAN Kampus Wilayah Selatan